Normal view
MARC view
- MADRE E HIJO
Entry Materia
001 - NÚMERO DE CONTROL DEL REGISTRO
- campo de control: 801
003 - IDENTIFICADOR DE NUMERO DE CONTROL
- campo de control: UPN
005 - FECHA Y HORA DE LA ÚLTIMA TRANSACCIÓN
- campo de control: 20210219193606.0
008 - DATOS DE LONGITUD FIJA
- campo de control de longitud fija: nabaccnnaabn|||||||||| b |nc|||||d
035 ## - NÚMERO DE CONTROL DEL SISTEMA
- Número de control del sistema: UPN10000000801
040 ## - FUENTE DE LA CATALOGACIÓN
- Lengua de catalogación: SPA
- Agencia de transcripción: UPN
150 ## - ENCABEZAMIENTO - TEMÁTICO
- Término de materia o nombre geográfico como elemento inicial: MADRE E HIJO
670 ## - FUENTE EN LA QUE SE LOCALIZARON DATOS
- Cita de la fuente: A
680 ## - NOTA GENERAL CON DESPLIEGUE PÚBLICO
- Texto explicativo: Usese para las obras que tratan de las relaciones psicológicas entre una madre y su hijo. Para obras que se refieren a las relaciones en general entre las madres y sus hijos varones, use el encabezamiento
- Encabezamiento: MADRES E HIJOS.
- Texto explicativo: Si se refiere unicamente a las relaciones entre las madres y sus hijas use
- Encabezamiento: MADRES E HIJAS
902 ## - CATALOGADOR
- Catalogador: MEEG/290301
